000 00387nam a2200133Ia 4500
008 220216s9999 xx 000 0 und d
100 _aSamarappuli Lalani
245 0 _aFertilizer to fields designated for seed collection in Hevea
260 _bBulletin of the Rubber Research Institute of Sri Lanka
_c2001
300 _a43-45
650 _aFertilizer
650 _aHevea
942 _cJS
999 _c59372
_d59372